000 01167naa a2200337 c 4500
001 26610
003 ES-MaCES
005 20150929135521.0
008 940718n1992 sp ||| | spa d
035 _aCES19980005443v
040 _aES-MaCES
_bspa
_cES-MaCES
100 1 _925653
_aVelasco, Roberto
245 1 0 _aInternacionalización de la industria española
_b: estrategias y políticas
_cRoberto Velasco Barroetabeña
504 _aBibliografía: p. 51
650 4 _aEspaña
_926964
650 4 _aintegración industrial
_927625
650 4 _adesarrollo industrial
_927623
650 4 _apolítica comunitaria
_930776
650 4 _apolítica regional
_930779
650 4 _apolítica industrial
_927627
650 4 _acooperación empresarial
_931742
650 4 _aempresa industrial
_927632
650 4 _aplanificación corporativa
_930332
650 4 _acompetitividad
_928270
653 1 0 _aIndustria-Energía
650 4 _926752
_aUE
773 0 _tEconomía industrial
_gMadrid. - N. 287 (sept.-oct. 1992) ; p. 41-51
_w(ES-MaCES)25163
902 _aART Artículo de revista
942 _2CES
_cAR
_h5.2.
999 _c26610
_d26610